00558nam a2200169Ia 4500003000500000008004100005040001900046082000700065100006700072245004100139260004800180300000700228546001200235942001200247999001700259952011200276STCL181203s9999 xx 000 0 und d aSTCLbENcSTCL 222 aRamamurthy, K.; Balakrishnan, N.P.; Ravikumar, K.; Ganesan, R. 0aSeagrasses of Coromandel Coast India bBotanical Survey of IndiaaCoimbatorec1992 a80 aEnglish 2ddccBK c84825d84825 00102ddc4070aSTCALbSTCALcGENd2018-12-03l0o579.88 RAM-Sp93334r2018-12-03 00:00:00w2018-12-03yBK